Raso Vai Sah : (Record no. 5148)
[ view plain ]
| 000 -LEADER | |
|---|---|
| fixed length control field | 00576 a2200169 4500 |
| 010 ## - LCCN (DPL NO) | |
| LC control number | ENG-86752 |
| 020 ## - INTERNATIONAL STANDARD BOOK NUMBER | |
| Terms of availability | 48.00 |
| International Standard Book Number | 8172084617 |
| 035 ## - SYSTEM CONTROL NUMBER | |
| System control number | EN-70285 |
| 037 ## - SOURCE OF ACQUISITION | |
| Source of stock number/acquisition | DBAD / PUB |
| 082 14 - DEWEY DECIMAL CLASSIFICATION NUMBER | |
| Classification number | 230.35 |
| 100 ## - MAIN ENTRY--PERSONAL NAME | |
| Personal name | Panda, Brahmananda |
| 245 1# - TITLE STATEMENT | |
| Title | Raso Vai Sah : |
| Statement of responsibility, etc | by Brahmananda Panda |
| Remainder of title | sweetness he alone is / |
| 260 ## - PUBLICATION, DISTRIBUTION, ETC. (IMPRINT) | |
| Place of publication, distribution, etc | Prasanthi Nilayam |
| Name of publisher, distributor, etc | Sri Sathya Sai Books & Publications Trust |
| Date of publication, distribution, etc | 2006 |
| 270 ## - ADDRESS | |
| Address | Prasanthi Nilayam P.O. |
| City | Prasanthi Nilayam |
| Postal code | 515 134 |
| State or province | Ananthapur Dist. (A.P.) |
| 300 ## - PHYSICAL DESCRIPTION | |
| Extent | vi, 347p |
| Dimensions | 21cm (pbk) |
| 942 ## - ADDED ENTRY ELEMENTS (KOHA) | |
| Institution code [OBSOLETE] | dpl |
| Item type | English Books |
| Source of classification or shelving scheme | Dewey Decimal Classification |
| Classification part | 230.35 |
| Call number suffix | PAN |
| Withdrawn status | Lost status | Not for loan | Collection code | Home library | Current library | Source of acquisition | Cost, normal purchase price | Full call number | Barcode | Copy number | Cost, replacement price | Koha item type |
|---|---|---|---|---|---|---|---|---|---|---|---|---|
| Not For Loan | Non-fiction | D.B.Act.Division | D.B.Act.Division | DBAD/PUB | 48.00 | 230.35 PAN | EN-70285 | 1 | 48.00 | English Books |
